[Event "zt 1.7. Mezezers"]
[Site "?"]
[Date "2000.06.10"]
[Round "5"]
[White "Kiik, Kalle"]
[Black "Miezis, Normunds"]
[Result "1/2-1/2"]
[WhiteElo "2445"]
[BlackElo "2486"]
[PlyCount "188"]

1. e4 c5 2. Nf3 e6 3. d4 cxd4 4. Nxd4 a6 5. c4 Nf6 6. Nc3 Bb4 7. Bd3 Qc7 8.
Nde2 Nc6 9. h3 Ne5 10. O-O Bc5 11. a3 Ba7 12. Bf4 g5 13. Bh2 g4 14. Kh1 Rg8 15.
Rc1 d6 16. Nf4 b6 17. Qe2 Bb7 18. h4 Qe7 19. Bg3 Nfd7 20. b4 Bb8 21. Bc2 Kf8
22. Ba4 Nf6 23. Bb3 Kg7 24. Rcd1 Kh8 25. Rd2 a5 26. b5 Rc8 27. Rd4 Ned7 28. Bc2
Qf8 29. Rd2 Qh6 30. Rfd1 d5 31. Qe3 d4 32. Rxd4 e5 33. Rd6 Bxd6 34. Rxd6 exf4
35. Bxf4 Qxh4+ 36. Kg1 Rxc4 37. Bg5 Qh5 38. Rxf6 Nxf6 39. Bxf6+ Kg8 40. Bb3 Rc5
41. Bd5 Bxd5 42. exd5 Qf5 43. Bd4 Rxd5 44. Nxd5 Qxd5 45. a4 h6 46. Bxb6 Qd1+
47. Kh2 Qd6+ 48. g3 Qe6 49. Qd4 Rc8 50. Bxa5 Rc4 51. Qd8+ Kh7 52. Qd3+ f5 53.
b6 Qf7 54. Bc3 Rxa4 55. Qb5 Ra8 56. Be5 Rd8 57. Qb1 Rd7 58. Bc7 Rxc7 59. bxc7
Qxc7 60. Qxf5+ Kh8 61. Qxg4 Qb6 62. Qf5 Qc6 63. Qf7 Qd6 64. Kh3 Qd4 65. f3 Qe3
66. Qf6+ Kh7 67. Kg4 Qe8 68. Kf4 Qa4+ 69. Kf5 Qc2+ 70. Kg4 Qc4+ 71. Kh5 Qd5+
72. Kh4 Qc4+ 73. g4 Qc1 74. Qf7+ Kh8 75. Qf8+ Kh7 76. Qe7+ Kg6 77. Qe6+ Kg7 78.
Qe5+ Kg6 79. Qe4+ Kg7 80. f4 Qf1 81. Qe7+ Kg8 82. Kh5 Qh3+ 83. Qh4 Qd3 84. f5
Qd6 85. Qf2 Qf6 86. Qe3 Kh7 87. Qa7+ Kg8 88. Qb8+ Kh7 89. Qc7+ Kh8 90. Qc8+ Kg7
91. Qd7+ Kh8 92. Qe8+ Kh7 93. Qe3 Kg7 94. Qd2 Kh7 1/2-1/2